Países com Fiordes - Statistics

Estatísticas Gerais
  • Esse quiz foi jogado 7 768 vezes
  • A pontuação média é 10 de 12
Estatísticas das Respostas
País % Correto
Noruega
94%
Rússia
93%
Suécia
92%
Canadá
91%
Dinamarca (Groelândia)
89%
Estados Unidos
88%
Islândia
84%
Chile
79%
Argentina
75%
Reino Unido
71%
Irlanda
61%
Nova Zelândia
48%
Nenhum quiz correspondente encontrado
Distribuição das Pontuações
Porcentagem de Pessoas com Cada Pontuação
Percentil de Números Respondidos
Sua Pontuação Histórica
Você não jogou esse quiz